Loreto College Library, Kolkata
WEBOPAC (ONLINE PUBLIC ACCESS CATALOGUE)

How time is measured (Record no. 28476)

MARC details
000 -LEADER
fixed length control field 00448nam a2200181Ia 4500
005 - DATE AND TIME OF LATEST TRANSACTION
control field 20240529115602.0
008 - FIXED-LENGTH DATA ELEMENTS--GENERAL INFORMATION
fixed length control field 131103s9999 xx 000 0 und d
040 ## - CATALOGING SOURCE
Original cataloging agency Loreto College
041 ## - LANGUAGE CODE
Language code English
082 ## - DDC | ডিউই
Classification number | বর্গসংখ্যা 511
Book Number | গ্রন্থাঙ্ক HOO
100 ## - MAIN ENTRY--PERSONAL NAME | মুখ্য সংলেখ - ব্যাক্তিনাম
Personal name | ব্যাক্তিনাম Hood, Peter
245 ## - TITLE STATEMENT | অাখ্যা বিবরণী
Title | অাখ্যা How time is measured
Statement of responsibility | লেখকের দায়িত্বের বিবরণ Peter Hood
260 ## - IMPRINT | প্রকাশনা ক্ষেত্র
Place of publication | প্রকাশ স্থান London
Name of publisher | প্রকাশকের নাম Oxford University Press
Date of publication | প্রকাশ কাল 1955
300 ## - PHYSICAL DESCRIPTION |
Page / Vol. No | পৃষ্ঠা / খন্ড সংখ্যা 64p.
Other physical details | অনান্য বাহ্যিক বিবরণ ill.maps
650 ## - SUBJECT ADDED ENTRY--TOPICAL TERM | বিষয় শিরোনাম - মূল বিষয়
Topical term | মূল বিষয় Arithmetic
850 ## - HOLDING INSTITUTION
Holding institution LCBED
942 ## - ADDED ENTRY ELEMENTS (KOHA)
Koha item type Books
Holdings
Withdrawn status Lost status Source of classification Damaged status Not for loan Home library Current library Date acquired Total Checkouts Full call number Accession No. Date last seen Price effective from Koha item type Coded location qualifier
    Dewey Decimal Classification     Loreto College Loreto College 04/11/2013   511 HOO 3616 B31322 04/11/2013 04/11/2013 Books